A Szegedi Kereskedelmi és Iparbank 1938. évi üzleti jelentése a Szegedi Kereskedelmi és Iparbank 1938. évi üzleti zárszámadása

Elmentve itt :
Bibliográfiai részletek
Dokumentumtípus: Cikk
Megjelent: 1939-03-11
Sorozat:Délmagyarország 15 No. 58_2
Kulcsszavak:Szegedi Kereskedelmi és Iparbank 1938
Online Access:http://dmarchiv.bibl.u-szeged.hu/50383
LEADER 00539nab a2200145 i 4500
001 delm50383
005 20180927134825.0
008 180927s1939 hu o 0|| hun d
040 |a SZTE Délmagyarország Archívum  |b hun 
041 |a hun 
245 0 2 |a A Szegedi Kereskedelmi és Iparbank 1938. évi üzleti jelentése   |h [elektronikus dokumentum] :  |b a Szegedi Kereskedelmi és Iparbank 1938. évi üzleti zárszámadása 
260 |c 1939-03-11 
300 |a 11-12 
490 0 |a Délmagyarország  |v 15 No. 58_2 
695 |a Szegedi Kereskedelmi és Iparbank 1938